Praktičeskaja optimizacija

Gespeichert in:
Bibliographische Detailangaben
1. Verfasser: Gill, Philip E.
Weitere Verfasser: Murray, Walter, Wright, Margaret H.
Format: Buch
Sprache:Russisch
Veröffentlicht: Moskva Mir 1985
Tags: Tag hinzufügen
Keine Tags, Fügen Sie das erste Tag hinzu!

MARC

LEADER 00000nam a2200000 4500
001 c110181
005 20240912105452.0
041 0 |a rus 
044 |a RU 
245 1 0 |a Praktičeskaja optimizacija  |c Philip E. Gill, Walter Murray, Margaret H. Wright ; [Perevod s anglijskogo V.Ju. Lebedev] 
264 1 |a Moskva  |b Mir  |c 1985 
300 |a 509 s. 
100 1 |a Gill, Philip E. 
700 1 |a Murray, Walter 
700 1 |a Wright, Margaret H.